Method for preparing rubber formulations using silanized silica nanofiller (Record no. 62853)

MARC details
000 -LEADER
fixed length control field 00416nam a2200157Ia 4500
100 ## - MAIN ENTRY--AUTHOR NAME
Personal name Ansarifar A
245 #0 - TITLE STATEMENT
Title Method for preparing rubber formulations using silanized silica nanofiller
260 ## - PUBLICATION, DISTRIBUTION, ETC. (IMPRINT)
Name of publisher Rubber World
Year of publication 2007
300 ## - PHYSICAL DESCRIPTION
Number of Pages 24-29
650 ## - SUBJECT ADDED ENTRY--TOPICAL TERM
Topical Term Rubber formulations
700 ## - ADDED ENTRY--PERSONAL NAME
Personal name Ellis R J
700 ## - ADDED ENTRY--PERSONAL NAME
Personal name Kirtley S P
700 ## - ADDED ENTRY--PERSONAL NAME
Personal name Wang L
942 ## - ADDED ENTRY ELEMENTS (KOHA)
Koha item type Journals
Holdings
Withdrawn status Lost status Damaged status Not for loan Home library Current library Shelving location Date acquired Serial Enumeration / chronology Koha item type
      Journals RRII Library RRII Library Rubber technology 16/07/2007 Volume 236, Issue 1 Journals